[Event "Chicago International"]
[Site "Chicago"]
[Date "1982.04.19"]
[Round "9"]
[White "Kortschnoj, Viktor Lvovich"]
[Black "Huebner, Robert"]
[Result "0-1"]
[WhiteElo "2645"]
[BlackElo "2620"]
[Annotator "ChessBase/Huebner,R"]
[PlyCount "82"]
[EventDate "1982.04.09"]
[EventType "tourn"]
[EventRounds "10"]
[EventCountry "USA"]
[EventCategory "12"]
[SourceTitle "MCL"]
[Source "ChessBase"]
[SourceDate "1999.07.01"]
[SourceVersion "1"]
[SourceVersionDate "1999.07.01"]
[SourceQuality "1"]

1. Nf3 {1) Huebner in Chess Informant 33/499.} d5 2. d4 Nf6 3. c4 dxc4 4. Nc3
c6 5. a4 Bf5 6. e3 e6 7. Bxc4 Bb4 8. O-O O-O 9. Qb3 Qe7 10. Nh4 Bg4 11. f3 Bh5
12. g4 Bg6 13. g5 Nd5 14. e4 Nb6 15. Nxg6 hxg6 16. Be2 c5 $17 {[#]} 17. d5 (17.
Na2 Nc6 18. Rd1 (18. dxc5 Bxc5+ 19. Kh1 Nd4 $17) (18. Be3 cxd4 19. Nxb4 dxe3
20. Nxc6 Qxg5+ $17) 18... Na5 (18... Ba5 $2 19. dxc5 Qxc5+ 20. Be3) 19. Qc2 (
19. Qd3 c4) 19... cxd4 20. Nxb4 Qxb4 21. Bd2 Qb3 $17) (17. dxc5 Bxc5+ 18. Kh1
Nc6 $17) (17. a5 cxd4 18. axb6 (18. Na2 Bxa5 19. Qb5 Nc6 20. b4 Bxb4 21. Nxb4
Qxb4 22. Qxb4 Nxb4 23. Ba3 a5 $19) (18. Nb5 Bc5 19. Kh1 Nc8 $17) 18... dxc3 19.
Rxa7 (19. bxc3 Bc5+ 20. Kh1 a6 $5 {/\ Nd7-/+} (20... Bxb6 21. Ba3 Bc5 22. Bxc5
Qxc5 23. Qxb7 Nc6 $15)) 19... Nc6 20. Rxa8 Rxa8 21. bxc3 Qc5+ 22. Kh1 Bxc3 {
(/\ Nd4)} 23. Qb5 Qxb5 24. Bxb5 Nd4 $17) 17... exd5 18. a5 c4 19. Qd1 d4 20.
axb6 dxc3 21. bxc3 Bxc3 22. Rxa7 Nc6 23. Rxa8 Rxa8 {[#]} 24. Kh1 (24. Be3 Rd8 (
24... Bb4 $2 25. Bxc4 Bc5 26. Bxf7+ $18) (24... Bd4 25. Bxd4 Qxg5+ 26. Kh1 Rd8
27. Qc1 Qxc1 28. Rxc1 Nxd4 29. Bxc4 Nxf3 30. Bd5 $11) 25. Qc1 Qb4 (25... Bd4 $2
26. Bxd4 Nxd4 27. Bxc4 Rc8 $2 28. Bxf7+ $18) 26. Rd1 (26. Kh1 Bd4 27. Bxd4 Rxd4
$17) 26... Bd4 27. Bxd4 Nxd4 28. Bxc4 (28. Qxc4 Qxc4 29. Bxc4 Nxf3+ $19) 28...
Nxf3+ 29. Kf2 Rxd1 30. Qxd1 Nd2 {/\ 31... Nc4, Ne4, Qb6-/+} (30... Nxg5 $2 31.
Qd8+ Kh7 32. Qxg5 Qxc4 33. Qh4+ Kg8 34. Qd8+ $11)) 24... Rd8 {[#]} 25. Qc2 $2 (
25. Qa4 $142 Na5 $15) 25... Qb4 26. Be3 (26. Qa2 Na5 27. Be3 Qb3 $19) 26... Bd2
$19 (26... Bd4) (26... Qb3 $1 $19) 27. Rb1 Qa5 28. Bxd2 Rxd2 29. Qxc4 Qxg5 30.
Rd1 Rb2 31. Rd7 Rb1+ $19 (31... Qf4 32. Rxb7 Rb1+ (32... Na5 33. Qc8+ Kh7 34.
Qh3+ $13) 33. Kg2 Qg5+ 34. Kh3 $13 Nd8 $145 $1 $19 35. f4 (35. Rb8 Rg1) 35...
Qg1 36. Qc3 (36. Rb8 Qe3+) 36... Nxb7) 32. Bd1 (32. Rd1 Rb2 $19 (32... Rxb6 33.
Qc3 Qf4 $17)) 32... Qf4 33. Qe2 Rxb6 34. Qa2 Ne5 35. Rd8+ Kh7 36. Qg2 Qh4 37.
Rd5 Rb1 38. Qf1 f6 39. Qe2 g5 40. Kg1 Qh3 41. Qc2 Nxf3+ 0-1

[Event "BL2-West 9899"]
[Site "Germany"]
[Date "1999.??.??"]
[Round "4.2"]
[White "Chuchelov, Vladimir"]
[Black "Kupreichik, Viktor D"]
[Result "1-0"]
[WhiteElo "2540"]
[BlackElo "2525"]
[Annotator "Chuchelov,V"]
[PlyCount "77"]
[EventDate "1998.10.??"]
[EventType "team-tourn"]
[EventRounds "9"]
[EventCountry "GER"]
[SourceTitle "GER-chT2"]
[Source "ChessBase"]
[SourceDate "1999.07.01"]
[SourceVersion "1"]
[SourceVersionDate "1999.07.01"]
[SourceQuality "1"]
[WhiteTeam "Andernach"]
[BlackTeam "Plettenberg"]
[WhiteTeamCountry "GER"]
[BlackTeamCountry "GER"]

1. d4 d5 2. c4 c6 3. Nf3 Nf6 4. Nc3 dxc4 5. a4 Bf5 6. e3 e6 7. Bxc4 Bb4 8. O-O
O-O 9. Nh4 Nbd7 10. f3 Bg6 11. e4 Rc8 $5 $146 12. Nxg6 (12. Qb3 Nb6 $1 13. Rd1
Bxc3 14. bxc3 Nxc4 15. Qxc4 Nxe4 16. Nxg6 Nd6 17. Qb4 a5 18. Qc5 b6 19. Ne7+
Kh8 $1 20. Qg5 Rc7) 12... hxg6 13. Qe2 (13. Be3 c5 $132) (13. Qb3 $5 Qb6 14.
Be3 e5 15. Ne2 exd4 16. Nxd4 Bc5 17. Rfd1 Ne5 18. a5 Qxb3 19. Bxb3 $14) 13...
Nb6 (13... c5 $5 14. dxc5 Qa5 $1 (14... Bxc5+ 15. Kh1 $14) 15. Be3 Bxc5 16. Bb5
Rfd8 17. Rfd1 Qb4 $132) 14. Rd1 c5 (14... Nxc4 $142 15. Qxc4 a5 16. Be3 $14)
15. dxc5 $5 (15. d5 $1 Bxc3 16. bxc3 exd5 17. exd5 Re8 18. Qa2 Nxc4 19. Qxc4
Re5 20. d6 $16) 15... Bxc5+ 16. Kh1 Qe7 (16... Qc7 17. Bb3 Rfd8 18. Bg5 $36)
17. Bb3 Rfd8 18. Bg5 Rxd1+ $1 19. Rxd1 Bb4 20. Na2 $1 (20. e5 Bxc3 21. bxc3 Qc5
) 20... Qf8 $1 (20... Qc5 21. Be3 Qa5 22. Nxb4 Qxb4 23. Qb5 $1 Qxb5 24. axb5
$16) 21. Be3 Bc5 22. a5 Nbd7 (22... Bxe3 $5 23. Qxe3 Nbd7 24. Qxa7 Ra8 25. Qd4
Rxa5 26. Nc3 $14) 23. Bc1 (23. Bd2 $5) 23... Ne5 24. Ba4 a6 25. Bd2 $1 Nc6 26.
Bc3 Qe7 27. g3 Nb4 (27... e5 28. Bxc6 Rxc6 29. b4 Bd6 30. b5 axb5 31. Qxb5 $14)
28. Nc1 Nc6 29. Bxc6 Rxc6 30. Nd3 Nd7 (30... Ba7 31. Ne5 Rd6 32. Kg2 $14) 31.
Nxc5 Nxc5 32. Rd4 $138 (32. Qd2 $5) 32... Nb3 33. Rd1 Rc8 34. Qd3 Qc5 35. Qd7
Qc7 36. Qa4 Nc5 37. Qd4 f6 38. Kg2 g5 39. Qc4 {Black lost on time} (39. e5 $1
f5 $8 (39... fxe5 40. Qg4) (39... Qxe5 $2 40. Qd8+) 40. Bb4 Nb3 41. Qc3 Qxc3
42. bxc3 Rc7 43. h4 gxh4 44. gxh4 $14) 1-0

[Event "Tilburg op"]
[Site "Tilburg"]
[Date "1998.??.??"]
[Round "?"]
[White "Chuchelov, Vladimir"]
[Black "Cuijpers, Frans Andre"]
[Result "1/2-1/2"]
[WhiteElo "2545"]
[BlackElo "2465"]
[Annotator "Chuchelov,V"]
[PlyCount "82"]
[EventDate "1998.03.??"]
[EventType "swiss"]
[EventRounds "1"]
[EventCountry "NED"]
[SourceTitle "CBM 066"]
[Source "ChessBase"]
[SourceDate "1998.09.30"]
[SourceVersion "1"]
[SourceVersionDate "1998.09.30"]
[SourceQuality "1"]

1. Nf3 d5 2. d4 Nf6 3. c4 c6 4. Nc3 dxc4 5. a4 Bf5 6. e3 e6 7. Bxc4 Bb4 8. O-O
Nbd7 9. Nh4 Bg6 10. h3 Qa5 $146 11. Na2 Bd6 12. b4 Bxb4 (12... Qc7 13. Nxg6
hxg6 14. Bb2 g5 15. Be2 O-O-O 16. b5 c5 17. Rc1 Rh4 18. Qc2 g4 19. dxc5 $16)
13. Nxg6 hxg6 14. Rb1 Bd6 15. Rxb7 Nb6 16. Qb3 $1 (16. Bd2 $5 Qxa4 17. Qxa4
Nxa4 18. Bb3 Nb6 19. Bb4 Rb8 20. Rxa7 Nc8 21. Ra4 Nd5 22. Bxd6 Nxd6 23. Ra1 Ke7
24. Nc1 $14) 16... Rb8 $1 (16... Nxc4 17. Qxc4 Qd5 18. Qa6 $16) (16... Qxa4 17.
Bxe6 Qa6 18. Rxf7 Bh2+ 19. Kxh2 Qxf1 20. Qc2 $18) 17. Rxb8+ Bxb8 18. Ba3 (18.
Nb4 $1 Kd7 (18... Qxa4 19. Qxa4 Nxa4 20. Nxc6 Kd7 21. Ne5+ $18) (18... Rxh3 19.
gxh3 Qg5+ 20. Kh1 Qh4 21. Bxe6 $18) 19. Nd3 Bd6 20. f4 $1 Qxa4 21. Ne5+ Bxe5
22. Qxa4 Nxa4 23. fxe5 $18) 18... Kd7 19. Rb1 (19. Nc3 Rxh3 $1 20. gxh3 Qg5+
21. Kh1 Qf5 22. Kg2 Qg5+ $11) 19... Ne4 20. Qc2 $2 (20. Bd3 Nd2 21. Qb4 Qxb4
22. Rxb4 Bd6 23. Rb2 Ndc4 $17) (20. Bb4 $142 Qxa4 21. Qxa4 Nxa4 22. Bd3 Nd6
$140 23. Bxd6 Kxd6 24. Rb7 $44) 20... Nxc4 21. Qxc4 Qf5 $2 (21... Qc7 22. Rxb8
(22. Qb4 Qh2+ 23. Kf1 Nd2+ 24. Qxd2 Qh1+ 25. Ke2 Qxb1 $17) 22... Rxb8 23. Qc2
Nf6 24. Nb4 Qb6 25. Kh2 $17) 22. Rb7+ Bc7 23. f3 Qg5 24. Qd3 (24. Qc1 Ng3 25.
Qe1 Nf5 26. f4 Qh4 27. Qxh4 Rxh4 28. Kf2 a5 $13) 24... Nf6 25. Nb4 (25. Kf1 Qa5
26. Nc3 Rb8 27. Rxb8 Bxb8) 25... Rxh3 $1 26. Qc3 (26. Na6 Nd5 27. Rxc7+ Nxc7
28. Nc5+ Kd8 29. Ne4 Rh1+ 30. Kxh1 Qh4+ 31. Kg1 Qe1+ $11) 26... Nd5 $1 (26...
c5 $2 27. Na6 Nd5 28. Rxc7+ Nxc7 29. Nxc5+ Kd8 30. Ne4 $1 Rh1+ 31. Kxh1 Qh4+
32. Kg1 $18 {xe1}) 27. Nxd5 $2 $138 (27. Qxc6+ Kd8 28. Nxd5 Rh1+ 29. Kf2 (29.
Kxh1 Qh4+ 30. Kg1 Qe1#) 29... Qg3+ 30. Ke2 Qxg2+ 31. Kd3 Rd1+ 32. Kc4 Qe2+ 33.
Kb3 Rb1+ 34. Kc3 Qe1+ 35. Kc4 Qe2+ 36. Kc3 $11) 27... exd5 28. Rxc7+ Kxc7 29.
Qa5+ Kd7 $2 $138 (29... Kb7 30. Qb4+ Ka6 31. Qc3 Kb7 32. Qb4+ $11) (29... Kc8
$1 30. Qa6+ Kd8 $19) 30. Qxa7+ Ke6 31. f4 Qh4 32. gxh3 Qg3+ 33. Kf1 Qf3+ 34.
Kg1 Qxe3+ 35. Kg2 Qxa3 36. a5 Qb2+ 37. Kf3 Qc3+ 38. Kf2 Qd2+ 39. Kf3 Qd3+ 40.
Kf2 f6 41. a6 Qd2+ $11 1/2-1/2

[Event "BL2-West 9798"]
[Site "Germany"]
[Date "1998.??.??"]
[Round "?.2"]
[White "Chuchelov, Vladimir"]
[Black "Summerscale, Aaron"]
[Result "1/2-1/2"]
[WhiteElo "2540"]
[BlackElo "2420"]
[Annotator "Chuchelov,V"]
[PlyCount "53"]
[EventDate "1997.10.??"]
[EventType "team-tourn"]
[EventRounds "9"]
[EventCountry "GER"]
[SourceTitle "CBM 064"]
[Source "ChessBase"]
[SourceDate "1998.06.02"]
[SourceVersion "1"]
[SourceVersionDate "1998.06.02"]
[SourceQuality "1"]
[WhiteTeam "Andernach"]
[BlackTeam "Wuppertal"]
[WhiteTeamCountry "GER"]
[BlackTeamCountry "GER"]

1. Nf3 d5 2. d4 Nf6 3. c4 c6 4. Nc3 dxc4 5. a4 Bf5 6. e3 e6 7. Bxc4 Bb4 8. O-O
Nbd7 9. Nh4 O-O 10. f3 Qa5 $5 $146 (10... Bg6) 11. Na2 Be7 12. e4 Bg6 13. Nxg6
hxg6 14. Kh1 (14. b4 $5 Qc7 (14... Bxb4 15. Rb1 c5 16. Nxb4 cxb4 17. Bd2 Qc7
18. Qe2 a5 19. Rbc1 $16) (14... Qh5 15. Be2 Qh4 16. Be3 Rfd8 17. Qc2 $16) 15.
Be3 e5 16. dxe5 $5 (16. d5 cxd5 17. Bxd5 Nxd5 18. Qxd5 Nb6 19. Qb3 Qc4 20. Qxc4
Nxc4 21. Bf2 Rfd8) 16... Qxe5 $5 (16... Nxe5 17. Be2 Rad8 $1 18. Qc2 Bd6 19.
Rac1 Rfe8 20. g3 $14 (20. b5 Neg4 $1 $17)) 17. Re1 $5 Bd6 18. g3 Qe7 19. Bf1
Rfd8 20. Qb3 Ne5 21. Bg2 $14) 14... Rad8 15. b4 Qh5 (15... Qc7 $5) 16. Be2 $1
Qh4 17. Qe1 Qxe1 18. Rxe1 e5 19. dxe5 Nxe5 20. Be3 Nd3 21. Reb1 Nh5 22. Rb3 Bf6
23. Rab1 (23. Rd1 Ndf4 24. Rxd8 Rxd8 25. Bf1 Bd4 $132) 23... Nhf4 24. Bxd3 Nxd3
25. Bxa7 Ra8 26. Rxd3 Rxa7 27. Nc3 1/2-1/2

[Event "Linares 10th"]
[Site "Linares"]
[Date "1992.??.??"]
[Round "9"]
[White "Jussupow, Artur"]
[Black "Bareev, Evgeny"]
[Result "0-1"]
[WhiteElo "2655"]
[BlackElo "2635"]
[Annotator "Dautov,R"]
[PlyCount "50"]
[EventDate "1992.02.??"]
[EventType "tourn"]
[EventRounds "13"]
[EventCountry "ESP"]
[EventCategory "17"]
[SourceTitle "CBM 028"]
[Source "ChessBase"]
[SourceDate "1992.06.01"]
[SourceVersion "1"]
[SourceVersionDate "1992.06.01"]
[SourceQuality "1"]

1. d4 {Hertneck Ftacnik} d5 2. c4 c6 3. Nf3 Nf6 4. Nc3 dxc4 5. a4 Bf5 6. e3 e6
7. Bxc4 Bb4 8. O-O Nbd7 9. Nh4 Bg6 10. f4 (10. Qb3 Qb6 11. g3 a5 12. Nxg6 (12.
Na2 Bd6 13. Qxb6 Nxb6 14. Nxg6 hxg6 15. Bb3 $10) 12... hxg6 13. Rd1 O-O-O 14.
Bf1 g5 15. Na2 Bd6 16. Qxb6 Nxb6 $10 {ECO}) 10... O-O (10... Nd5 11. Qe1 Be7
12. Nxg6 hxg6 13. a5 a6 14. e4 Nb4 15. Qd1 Qc7 16. Qb3 O-O-O 17. Be3 $14 {
Lputjan,S-Dohojan,Y Irkutsk,1986}) (10... Nd5 11. Nxg6 hxg6 12. Bd2 Qa5 13. Qe1
N5b6 14. Bb3 c5 15. Rd1 cxd4 16. Nb5 Bxd2 17. Rxd2 Nc5 $1 18. Bc2 Rd8 $10 {
Yusupov,A-Huebner,R Tilburg,1987}) 11. Nxg6 hxg6 12. Qd3 $6 (12. Qf3 $142 $22
c5 13. Na2 Nb6 14. Be2 $14) 12... c5 $1 {N} (12... a6 13. Rd1 b5 14. axb5 axb5
15. Rxa8 Qxa8 16. Bb3 Rd8 17. Qc2 Qb7 18. h3 Ba5 19. Ne4 Nxe4 20. Qxe4 Nf6 21.
Qf3 Qc7 22. Qe2 {1/4:1/4 Yusupov,A-Ribli,Z Munich 1988}) 13. Na2 Nb6 (13... Ba5
{Ftacnik} 14. dxc5 Nxc5 15. Qxd8 Bxd8 $13 (15... Rfxd8 $2 16. b4 $18)) 14. Bb3
(14. Nxb4 Nxc4 (14... cxb4 $2 {Hertneck} 15. Bb3 {+/- [+],^^}) 15. dxc5 (15.
Qxc4 cxb4 16. Qxb4 (16. Bd2 {Ftacnik} Qd5 17. Qxd5 exd5 18. Bxb4 Rfe8 $44)
16... Qd5 $146) 15... Qxd3 16. Nxd3 Ne4 (16... Rfd8 17. Nf2 (17. Nb4 Rac8 $132)
17... Rac8 18. b3 Nd2 19. Bxd2 Rxd2 20. Rfd1 $10) (16... Rfd8 $36 {Hertneck})
17. b4 Rfd8 18. Nf2 Nc3 $146) 14... Ba5 {ףd3} 15. Bc2 {/\dc,b4} (15. Rd1 cxd4
16. Qxd4 (16. e4 Nbd7 $17) 16... Qxd4 17. Rxd4 Rfd8 $17) 15... Rc8 $1 16. b3 $2
(16. dxc5 $142 Qxd3 (16... Rxc5 17. b4 Rd5 18. Qe2 $18) 17. Bxd3 Nbd5 (17...
Nxa4 $4 18. b4 Bc7 19. Bb5 $18) 18. e4 (18. b3 Rfd8 (18... Nb4 $15 {Ftacnik})
19. Bc4 Rxc5 20. Ba3 Rcc8 $17 {><e3}) 18... Nb4 19. Nxb4 Bxb4 20. Be3 Rfd8 21.
Rfd1 Ng4 22. Bf2 Nxf2 23. Kxf2 $10) 16... Nbd5 $17 17. Ba3 (17. dxc5 Rxc5 (
17... Nb4 $17 {Hertneck}) 18. Ba3 Rxc2 19. Qxc2 (19. Bxf8 Rd2 $19) 19... Nxe3
20. Qb2 (20. Qe2 Nxf1 21. Bxf8 Qd4+ $19) (20. Qc1 Nxf1 21. Bxf8 Kxf8 22. Qxf1
Bb6+ 23. Kh1 Ne4 $40) 20... Bb6 21. Kh1 Bd4 22. Qe2 Nxf1 23. Rxf1 Re8 24. Rd1
Qb6 $17) (17. e4 Nb4 18. Nxb4 Bxb4 $17) 17... cxd4 $1 18. Bxf8 $2 (18. exd4
$142 Re8 $17) 18... Nxe3 19. Rf2 (19. Rfc1 {Ftacnik} Qd5 20. Qe2 Nxc2 21. Rxc2
d3 22. Rxc8 dxe2 23. Bb4+ Kh7 24. Bxa5 Qd4+ $19) 19... Nfg4 $1 20. Re2 (20. Ba3
{Ftacnik} Nxf2 21. Kxf2 Rxc2+ $19) 20... Nxc2 21. Rxc2 Rxc2 22. Qxc2 d3 $19 23.
Qb2 (23. Qc4 Qh4 (23... Kxf8 $19) (23... d2 {Hertneck} 24. Rd1 Qh4 $19) 24. h3
Qf2+ 25. Kh1 Ne3 26. Qe4 Kxf8 (26... d2 $19 {Ftacnik}) 27. Qxb7 Kg8 $19 {
/\Qb2,Nf1,d2}) 23... Qb6+ 24. Kh1 Nf2+ 25. Kg1 Nd1+ 0-1

[Event "Julian Borowski-A 2nd"]
[Site "Essen"]
[Date "2000.05.03"]
[Round "6"]
[White "Dautov, Rustem"]
[Black "Huebner, Robert"]
[Result "1/2-1/2"]
[WhiteElo "2602"]
[BlackElo "2620"]
[Annotator "Dautov,R"]
[PlyCount "56"]
[EventDate "2000.04.27"]
[EventType "tourn"]
[EventRounds "9"]
[EventCountry "GER"]
[EventCategory "15"]
[SourceTitle "CBM 077"]
[Source "ChessBase"]
[SourceDate "2000.07.27"]
[SourceVersion "1"]
[SourceVersionDate "2000.07.27"]
[SourceQuality "1"]

1. d4 d5 2. c4 c6 3. Nf3 Nf6 4. Nc3 dxc4 5. a4 Bf5 6. e3 e6 7. Bxc4 Bb4 8. O-O
Nbd7 9. Nh4 O-O 10. Qb3 Qb6 (10... Qe7 11. a5 $1 b5 $140 $2 12. axb6 axb6 13.
Rxa8 Rxa8 14. Nxf5 exf5 15. Bxf7+ $16 {Salov, Ionov}) (10... a5 11. Nxf5 exf5
12. Na2 Bd6 13. Qxb7 Bxh2+ 14. Kxh2 Ng4+ 15. Kg3 Qg5 16. f4 Qg6 17. Kf3 $13 {
1/2-1/2 Kortchnoi,V-Salov,V/Volmac-Lyon 1991}) 11. h3 Rad8 12. Rd1 a5 $1 $146 {
Eine Neuerung gegenüber der Partie Karpov-Salov. Schwarz will seinen
weißfeldrigen Läufer auf f5 abtauschen lassen.} (12... Be4 $6 13. Nxe4 Nxe4 14.
Qc2 $1 $14 Nd6 15. b3 $1 c5 $6 16. d5 e5 17. e4 a6 18. Bg5 Rde8 19. Be2 $16 {
1/2-1/2 Karpov,A-Salov,V/Linares 1991}) (12... h6 $2 13. Nxf5 exf5 14. Qc2 $1
$16 {Salov,Ionov} g6 15. g4 $1) (12... Bg6 $5 13. Nxg6 hxg6 14. Qc2 $14) 13.
Bd2 (13. Nxf5 exf5 14. Qc2 g6 15. b3 (15. e4 $2 fxe4 (15... Nxe4 $2 16. Nxe4
fxe4 17. Bh6 Rfe8 18. Qb3 Re7 19. Bg5 $16) 16. Nxe4 Nxe4 17. Qxe4 Nf6 18. Qf3
Nd5 $15) 15... Rfe8 16. Ba3 (16. Bb2 Qc7 {/\Nb6}) 16... Bxa3 17. Rxa3 Qb4 18.
Raa1 Nb6 $11) 13... Qc7 14. Rac1 Nb6 15. Bf1 Qe7 16. g3 $1 {Das verspätete
Fianchetto, das Feld g2 ist der beste Platz für den weißfeldrigen Läufer.} h6 {
Die Drohung Bh7 zwingt Weiß zum Tausch auf f5.} 17. Nxf5 exf5 {Die entstandene
Bauernstruktur kommt in der modernen Praxis häufig vor und gilt als sehr
sicher für Schwarz. In der Tat, die weißen Zentrumsbauern sind in seiner
Bewegung durch die "Wellenbrecher" c6 und f5 gestoppt, Schwar hat zwei
halboffene Linien für seine Türme und zwei schöne Zentrumsfelder d5 und e4 zur
Verfügung. Das weiße Spiel sollte in Ausnutzung des Vorposten c5 und dem Druck
gegen den schwarzen Pa5 bestehen.} 18. Bg2 g6 (18... Qe6 $142 $1 19. Qc2) 19.
Rc2 $2 {/\20.Na2 Bxd2 21.Qxb6} ({Der richtige Plan bestand in dem Übergang in
ein leicht vorteilhaftes Endspiel:} 19. Nb1 $1 Nbd5 20. Bxb4 Qxb4 (20... axb4
21. Nd2 $14 {><b4}) (20... Nxb4 21. Nd2 $14 {/\Nc4}) 21. Bxd5 $1 Nxd5 22. Qxb4
Nxb4 23. Nd2 $14 {/\Nb3,/\Nc4-b6,Rc5. Durch den Druck gegen a5 wird Weiß
früher oder später die Lockerung des schwarzen Damenflügels b7-b6 erzwingen,
wonach der Pc6 schwach wird.}) 19... Qe6 $1 {Die beste Verteidigung gegen die
Drohung 20.Na2. Schwarz verbessert damit seine Bauernstruktur und gleicht das
Spiel völlig aus.} 20. Qxe6 fxe6 21. b3 Rfe8 $11 {/\e5} 22. Ne2 Nbd5 23. Bxb4
Nxb4 24. Rc5 Ra8 $1 {Dies ist noch einfacher als 24...b6, Schwarz vermeidet
jede Schwächung seiner Stellung.} (24... b6 25. Rc4 (25. Rcc1 $5) 25... c5 26.
Rb1 (26. Rdc1 Nd3 27. R1c2 e5 $132) 26... cxd4 27. Nxd4 Rd6 28. Rbc1 e5 29. Nc6
Nxc6 30. Rxc6 Red8 $11) 25. Nf4 Kf7 26. Nd3 {Nach dem Springertausch verflacht
die Stellung ganz, es bot sich aber nichts Besseres an.} Nxd3 27. Rxd3 Ke7 28.
f4 g5 1/2-1/2

[Event "Biel"]
[Site "Biel"]
[Date "1986.07.25"]
[Round "5"]
[White "Cebalo, Miso"]
[Black "Huebner, Robert"]
[Result "1/2-1/2"]
[WhiteElo "2475"]
[BlackElo "2620"]
[Annotator "Dolmatov,S"]
[PlyCount "50"]
[EventDate "1986.07.20"]
[EventType "tourn"]
[EventRounds "11"]
[EventCountry "SUI"]
[EventCategory "12"]
[SourceTitle "MCL"]
[Source "ChessBase"]
[SourceDate "1999.07.01"]
[SourceVersion "1"]
[SourceVersionDate "1999.07.01"]
[SourceQuality "1"]

1. d4 d5 2. Nf3 Nf6 3. c4 dxc4 4. Nc3 c6 5. a4 Bf5 6. e3 e6 7. Bxc4 Bb4 8. O-O
Nbd7 9. Qb3 a5 10. Nh4 Bg6 (10... Bg4 11. f3 Bh5 12. g3 O-O 13. e4 Nb6 $10 {
Cebalo,M-Portisch,L/Reggio Emilia/1985/}) 11. g3 (11. Na2 Be7 12. g3 Qc7 13.
Nc3 Bb4 $5 $13) 11... Qc7 12. f3 (12. Rd1 O-O $6 (12... Bh5 $10) 13. Nxg6 hxg6
14. Bf1 e5 15. Bg2 $14) 12... O-O 13. e4 e5 14. Be3 exd4 15. Bxd4 Bc5 16. Ne2
Rad8 17. Rfd1 Bxd4+ 18. Nxd4 Qb6 (18... Nc5 $6 19. Qe3 Qb6 20. Nb3 $1 Rxd1+ 21.
Rxd1 Nxa4 22. Qxb6 Nxb6 23. Nxa5 $16) 19. Ng2 Qxb3 20. Nxb3 Nb6 21. Be2 $6 (21.
Rxd8 $22 Rxd8 22. Be2 Ra8 23. Nc5 Rb8 24. Rd1 Kf8 25. b4 $1 (25. Rd4 Ke7 26. b4
axb4 27. Rxb4 Nfd7 $10) 25... axb4 26. a5 Na8 27. e5 $16) 21... Rxd1+ 22. Bxd1
$6 $10 (22. Rxd1 $5 Nxa4 23. Nxa5 Nxb2 24. Rb1 $14) 22... Ra8 23. Nc5 Rb8 24.
Nb3 (24. Rb1 Nbd5 $10) (24. Ra3 Nbd7 $10) 24... Ra8 25. Nc5 Rb8 1/2-1/2